00627nam a2200109Ia 4500008004100000245004000041300026500081650000900346856007100355999001900426952007200445170517s9999 xx 000 0 und d aShow Business: The Road to Broadway aShowBusiness: The Road to Broadway is the delightfully engaging full-length documentary produced and directed by veteran Dori Berinstein of Legally Blonde fame. The film follows four major musicals of the 2003 – 2004 season: Wicked, Avenue Q, Caroline, or... xArt. uhttp://topdocumentaryfilms.com/show-business-the-road-to-broadway/ c333183d333183 001040aCLbCLd2017-05-17l0r2017-05-17 00:00:00w2017-05-17yDF